Wird geladen...

Glimpses of American history, Vol.1: Upto 1900

Bibliographische Detailangaben
1. Verfasser: Dalal, B P
Format: Printed Book
Veröffentlicht: Bombay Vora & Co. Publishers Pvt. Ltd. 1975
Schlagworte:
LEADER 00508nam a2200157 4500
082 |a  973 DAL-G.1 
100 |a Dalal, B P 
245 |a Glimpses of American history, Vol.1: Upto 1900 
250
260 |a Bombay  |b Vora & Co. Publishers Pvt. Ltd.  |c 1975 
300
490
650 |a General history of North America - United States 
942 |c BK 
999 |c 228570  |d 228570 
952 |0 0  |1 0  |4 0  |6 973_000000000000000_DALG_1  |7 0  |9 242703  |a SDE  |b SDE  |d 2019-12-12  |l 0  |o  973 DAL-G.1  |p SDE7933  |r 2019-12-12  |w 2019-12-12  |y BK